000 00306nam a22001337a 4500
008 170522b xxu||||| |||| 00| 0 eng d
020 _a2900231121391
041 _aeng
080 _22ND
_a94
100 _a16
101 _aSHH
245 _aSOURCES OF JAPANESE TRADITION
_cTHEODORE, W.M
942 _2udc
_cBK
999 _c13793
_d13793